| 000 | 00355nam a2200133Ia 4500 | ||
|---|---|---|---|
| 005 | 20251222144807.0 | ||
| 008 | 251222s9999||||xx |||||||||||||| ||spa|| | ||
| 020 | _a84-86809-01-0 | ||
| 082 | _a535.32/V66 | ||
| 100 | _aVillalobos, Pascual | ||
| 245 | 0 | _aPrácticas de Óptica Geométrica y Radiometría | |
| 264 | _bUniversidad de Alicante | ||
| 942 | _cLIB | ||
| 999 |
_c19961 _d19961 |
||